[Event "WJun"]
[Site "Nakhchivan AZE"]
[Date "2003.06.22"]
[Round "1"]
[White "Gupta,A"]
[Black "Gashimov,V"]
[Result "1/2-1/2"]
[WhiteElo "2335"]
[BlackElo "2579"]
[EventDate "2003.06.22"]

1. d4 Nf6 2. c4 e6 3. Nc3 Bb4 4. Qc2 O-O 5. Nf3 c5 6. dxc5 Na6 7. e3 Nxc5
8. Bd2 b6 9. Be2 Bb7 10. O-O Nce4 11. Nxe4 Bxe4 12. Bd3 Bxd3 13. Qxd3 Bxd2
14. Qxd2 Rc8 15. Rac1 Qe7 16. Rfd1 Rc7 17. b3 Rfc8 18. Qd6 Qxd6 19. Rxd6
Ne8 20. Rd2 d5 21. Rdc2 Nd6 22. Nd2 Kf8 23. a3 dxc4 24. bxc4 b5 25. c5 Nc4
26. Nb3 Nxa3 27. Ra2 b4 28. Rd1 a5 29. Nxa5 Rxc5 30. Nb3 Rc2 31. Rxc2 Rxc2
32. Kf1 Rc3 33. Na5 b3 34. Rd2 Rc1+ 35. Ke2 Rb1 36. Kd3 b2 37. Kc3 Nb5+ 38.
Kb4 Nc7 39. Nc4 Rg1 40. Rxb2 Rxg2 41. Kc5 g5 42. f3 Rg1 43. Rb7 Nd5 44. Ne5
Ne7 45. e4 Rc1+ 46. Kd6 Rd1+ 47. Kc5 f6 48. Rb8+ Kg7 49. Rb7 fxe5 50. Rxe7+
Kf6 51. Rxh7 Rd3 52. Rh6+ Kf7 53. h4 gxh4 54. Rxh4 Kg6 55. Rg4+ Kf6 56. Rg3
Re3 57. Kc4 Ke7 58. Rg7+ Kd6 59. Rf7 Ra3 60. Kb4 Rd3 1/2-1/2

[Event "WJun"]
[Site "Nakhchivan AZE"]
[Date "2003.06.22"]
[Round "1"]
[White "Izoria,Z"]
[Black "Mamedov,Rau"]
[Result "1/2-1/2"]
[WhiteElo "2569"]
[BlackElo "2330"]
[EventDate "2003.06.22"]

1. d4 Nf6 2. c4 g6 3. Nf3 Bg7 4. g3 O-O 5. Bg2 d6 6. O-O Nbd7 7. Nc3 e5 8.
h3 exd4 9. Nxd4 a6 10. e4 Re8 11. Be3 Rb8 12. a4 c6 13. Qc2 a5 14. Rad1 Qe7
15. Rfe1 Nc5 16. Bf4 Nfd7 17. Ndb5 Ne5 18. Nxd6 Rd8 19. Nxc8 Rbxc8 20. Bxe5
Bxe5 21. Ne2 Ne6 22. f4 Nd4 23. Nxd4 Bxd4+ 24. Kh2 Qb4 25. Re2 Bb6 26.
Rxd8+ Rxd8 27. e5 Qc5 28. h4 Qg1+ 29. Kh3 Qd1 30. Qxd1 Rxd1 31. h5 Kf8 32.
hxg6 hxg6 33. e6 Rd3 34. exf7 Kxf7 35. Kg4 Bd4 36. Be4 Rb3 37. Rd2 c5 38.
Re2 Kf6 39. Bd5 Re3 40. Rh2 Kg7 41. Bxb7 Rb3 42. Bd5 Rxb2 43. Rh1 Rb3 44.
Rf1 Ra3 45. Bc6 Rc3 46. Bd5 Ra3 47. Rb1 Bf2 48. Rb7+ Kh6 49. Bf3 Rxa4 50.
Ra7 1/2-1/2

[Event "WJun"]
[Site "Nakhchivan AZE"]
[Date "2003.06.22"]
[Round "1"]
[White "Ganguly,S"]
[Black "Monroy,C"]
[Result "1-0"]
[WhiteElo "2542"]
[BlackElo "2294"]
[EventDate "2003.06.22"]

1. e4 c5 2. Nf3 d6 3. d4 cxd4 4. Nxd4 Nf6 5. Nc3 a6 6. Be2 e5 7. Nb3 Be7 8.
O-O O-O 9. Kh1 b5 10. a4 b4 11. Nd5 Nxd5 12. Qxd5 Ra7 13. Be3 Be6 14. Qd2
Rb7 15. f4 f6 16. a5 Qc8 17. Bb6 Rd7 18. Bd3 d5 19. exd5 Rxd5 20. Qe2 Rxd3
21. Qxd3 Bc4 22. Qe4 Bxf1 23. Rxf1 Qc6 24. Qe2 Rc8 25. fxe5 Qxc2 26. Qg4
Qc4 27. Rf4 Qc6 28. exf6 1-0

[Event "WJun"]
[Site "Nakhchivan AZE"]
[Date "2003.06.22"]
[Round "1"]
[White "Geirnaert,S"]
[Black "Azarov,S"]
[Result "1/2-1/2"]
[WhiteElo "2289"]
[BlackElo "2530"]
[EventDate "2003.06.22"]

1. e4 e5 2. Nf3 Nc6 3. Bc4 Bc5 4. d3 Nf6 5. Nc3 d6 6. Bg5 h6 7. Bxf6 Qxf6
8. Nd5 Qd8 9. c3 a6 10. d4 exd4 11. cxd4 Ba7 12. Rc1 O-O 13. h3 Re8 14. O-O
Rxe4 15. Bd3 Re8 16. Bb1 g6 17. Qd2 Kg7 18. Rfe1 Bd7 19. Rxe8 Bxe8 20. Re1
Bd7 21. Qf4 f5 22. h4 Rc8 23. g4 fxg4 24. Re7+ Qxe7 25. Nxe7 Nxe7 26. Qe4
Re8 27. Qxb7 Bb6 28. Nd2 Nf5 29. Bxf5 Bxf5 30. Nc4 Be4 31. Qxa6 Bxd4 32.
Nxd6 cxd6 33. Qa4 Bxf2+ 34. Kxf2 Rf8+ 35. Kg1 Bf3 36. Qd7+ Rf7 37. Qxd6 h5
38. a4 Rf5 39. a5 Rd5 40. Qe7+ Kg8 41. Kf2 Rf5 42. a6 Rf7 43. Qe8+ Kg7 44.
Qe5+ Kh7 45. Kg1 g5 46. Qxg5 g3 47. a7 g2 48. b4 Ba8 49. Qxh5+ Kg7 50. Qd1
Kh6 51. Qc1+ Kg6 52. b5 Rf1+ 53. Qxf1 gxf1=Q+ 54. Kxf1 Kh5 1/2-1/2

[Event "WJun"]
[Site "Nakhchivan AZE"]
[Date "2003.06.22"]
[Round "1"]
[White "Guseinov,K"]
[Black "Arun Prasad,S"]
[Result "1-0"]
[WhiteElo "2505"]
[BlackElo "2275"]
[EventDate "2003.06.22"]

1. e4 c5 2. Nf3 d6 3. d4 cxd4 4. Nxd4 Nf6 5. Nc3 a6 6. Bg5 e6 7. f4 Nbd7 8.
Qe2 Qc7 9. O-O-O b5 10. f5 e5 11. Nd5 Nxd5 12. exd5 Nf6 13. Bxf6 gxf6 14.
g4 Bd7 15. Nc6 h5 16. gxh5 Bxf5 17. Bg2 Qd7 18. Kb1 Bg4 19. Bf3 Bh3 20.
Rhg1 Bh6 21. Bg4 Bxg4 22. Rxg4 f5 23. Rg2 Kf8 24. Rdg1 f6 25. h4 Qh7 26.
Rg6 Kf7 27. Qd3 e4 28. Qc3 1-0

[Event "WJun"]
[Site "Nakhchivan AZE"]
[Date "2003.06.22"]
[Round "1"]
[White "Allemann,A"]
[Black "Erenburg,S"]
[Result "1/2-1/2"]
[WhiteElo "2254"]
[BlackElo "2499"]
[EventDate "2003.06.22"]

1. e4 c6 2. d4 d5 3. exd5 cxd5 4. c4 Nf6 5. Nc3 e6 6. Nf3 Bb4 7. cxd5 Nxd5
8. Qc2 Nc6 9. Be2 O-O 10. O-O Re8 11. Rd1 Bd7 12. a3 Bf8 13. Qe4 Rc8 14.
Bd3 Nf6 15. Qh4 Ne7 16. Bg5 Ng6 17. Qg3 Be7 18. Ne5 Bc6 19. Nxc6 bxc6 20.
Rac1 Rb8 21. Rc2 Nd5 22. Bxe7 Ngxe7 23. Na4 Nc7 24. Qe5 Nb5 25. Nc5 Ng6 26.
Bxg6 hxg6 27. Na6 Rc8 28. Nb4 Qd7 29. a4 Nd6 30. Rdc1 f6 31. Qa5 Nf5 32.
Nxc6 Kh7 33. Qxa7 Qxa7 34. Nxa7 Ra8 35. Rc7 Nxd4 36. Kf1 Reb8 37. R1c4 Nb3
38. Rh4+ Kg8 39. Nc6 g5 40. Rh3 Nd2+ 41. Ke1 Rxb2 42. Ne7+ Kf7 43. Nf5+ Kg6
44. Ne7+ Kf7 45. Nf5+ Kg6 46. Ne7+ Kf7 47. Nf5+ 1/2-1/2

[Event "WJun"]
[Site "Nakhchivan AZE"]
[Date "2003.06.22"]
[Round "1"]
[White "Zubov,A UKR"]
[Black "Agaragimov,D"]
[Result "1-0"]
[WhiteElo "2494"]
[BlackElo "2252"]
[EventDate "2003.06.22"]

1. d4 Nf6 2. c4 g6 3. Nc3 Bg7 4. e4 d6 5. Nf3 O-O 6. Be2 Bg4 7. Be3 Nfd7 8.
Ng1 Bxe2 9. Ngxe2 c5 10. O-O cxd4 11. Nxd4 Nc6 12. Rc1 a6 13. Nxc6 bxc6 14.
f4 Rb8 15. b3 Rb7 16. Kh1 Qa5 17. Na4 c5 18. Qd3 Qc7 19. Bd2 Nb8 20. f5 Nd7
21. Qh3 Qc6 22. Rce1 Re8 23. Bg5 gxf5 24. exf5 Nb6 25. Nxb6 Rxb6 26. Bxe7
1-0

[Event "WJun"]
[Site "Nakhchivan AZE"]
[Date "2003.06.22"]
[Round "1"]
[White "Olsson,L"]
[Black "Kritz,L"]
[Result "0-1"]
[WhiteElo "2252"]
[BlackElo "2468"]
[EventDate "2003.06.22"]

1. d4 Nf6 2. c4 e6 3. g3 c5 4. d5 exd5 5. cxd5 d6 6. Nc3 g6 7. Bg2 Bg7 8.
Nf3 O-O 9. O-O Re8 10. h3 Na6 11. Nd2 Nc7 12. a4 b6 13. e4 Ba6 14. Re1 Nd7
15. f4 c4 16. Bf1 Nc5 17. Bxc4 Bxc4 18. Nxc4 Bxc3 19. bxc3 Rxe4 20. Rxe4
Nxe4 21. Qf3 Qe7 22. Ba3 Re8 23. Ne5 f5 24. Nc6 Qg7 25. Rd1 Qxc3 26. Qxc3
Nxc3 27. Rd3 N7xd5 28. Nxa7 Ra8 29. Nb5 Rxa4 30. Bxd6 Ra1+ 31. Kg2 Rd1 32.
Rxd1 Nxd1 33. Kf3 N1c3 34. Nd4 Ne4 35. Be5 Nd2+ 36. Ke2 Nc4 37. Kd3 Nxe5+
38. fxe5 Kf7 39. Kc4 Nc7 40. g4 fxg4 41. hxg4 h6 42. Kd3 b5 43. Ke4 b4 44.
Nb3 Ne6 45. Kd5 h5 46. gxh5 gxh5 47. Nd2 h4 48. Kc4 h3 49. Nf1 Nc5 50. Kxb4
Ne4 51. Nh2 Ke6 52. Kc4 Kxe5 53. Kd3 Kf4 54. Ke2 Kg3 55. Nf1+ Kg2 56. Ne3+
Kg1 57. Ng4 Nf6 58. Nf2 h2 59. Kf3 Ne4 0-1

[Event "WJun"]
[Site "Nakhchivan AZE"]
[Date "2003.06.22"]
[Round "1"]
[White "Pantsulaia,L"]
[Black "Kuparadze,G"]
[Result "1/2-1/2"]
[WhiteElo "2465"]
[BlackElo "2227"]
[EventDate "2003.06.22"]

1. d4 Nf6 2. c4 e6 3. Nf3 b6 4. g3 Bb7 5. Bg2 Bb4+ 6. Bd2 Bxd2+ 7. Qxd2 d6
8. O-O O-O 9. Qc2 c5 10. Nc3 Nc6 11. Rfd1 Qe7 12. e3 Rac8 13. d5 exd5 14.
cxd5 Nb4 15. Qb3 a5 16. Nd2 Ba6 17. Bf1 Bxf1 18. Rxf1 Qd7 19. a3 c4 20.
Nxc4 Qh3 21. f3 Nbxd5 22. Nxd5 Nxd5 23. Nxd6 Rc6 24. Rad1 Rxd6 25. Rxd5
Rxd5 26. Qxd5 Rc8 27. Rd1 h5 28. Qg5 Kh7 1/2-1/2

[Event "WJun"]
[Site "Nakhchivan AZE"]
[Date "2003.06.22"]
[Round "1"]
[White "Wang,H"]
[Black "Mastrovasilis,D"]
[Result "0-1"]
[WhiteElo "2226"]
[BlackElo "2456"]
[EventDate "2003.06.22"]

1. e4 c5 2. Nf3 e6 3. d4 cxd4 4. Nxd4 Nc6 5. Nxc6 bxc6 6. Bd3 Nf6 7. O-O e5
8. c4 Bc5 9. Qe2 d6 10. Be3 Bg4 11. f3 Qb6 12. Bxc5 Qxc5+ 13. Qf2 Qxf2+ 14.
Rxf2 Be6 15. Nc3 Nd7 16. Rd2 Ke7 17. Rad1 Rhd8 18. Bc2 Nb6 19. b3 a5 20.
Ne2 Rd7 21. Nc1 Rad8 22. Nd3 Nc8 23. Kf2 c5 24. a4 Na7 25. f4 f6 26. f5 Bf7
27. Nc1 Nc6 28. h3 g6 29. g4 h5 30. Rg1 Rh8 31. Bd1 hxg4 32. fxg6 Bxg6 33.
Rxg4 Kf7 34. Rd3 f5 35. exf5 Bxf5 36. Rf3 Ke6 37. Rg5 Rf7 38. Ke3 Nd4 39.
Rfg3 Bxh3 40. Kd2 Bf5 41. Ne2 Rh2 42. Ke3 Bc2 43. Nc3 Bxd1 44. Nxd1 0-1

[Event "WJun"]
[Site "Nakhchivan AZE"]
[Date "2003.06.22"]
[Round "1"]
[White "Dziuba,M"]
[Black "Safarli,E"]
[Result "1-0"]
[WhiteElo "2450"]
[BlackElo "2201"]
[EventDate "2003.06.22"]

1. d4 Nf6 2. c4 e6 3. Nf3 b6 4. a3 Ba6 5. Qc2 Bb7 6. Nc3 c5 7. e4 cxd4 8.
Nxd4 d6 9. Be2 Be7 10. Be3 a6 11. O-O-O Nbd7 12. f4 Qc7 13. g4 O-O-O 14. g5
Ne8 15. h4 g6 16. Kb1 Ng7 17. Rhf1 f5 18. exf5 gxf5 19. Rg1 Rhf8 20. h5 e5
21. h6 exd4 22. hxg7 dxe3 23. gxf8=Q Rxf8 24. Nd5 Qd8 25. Qc3 Re8 26. Bh5
e2 27. Rde1 Bf8 28. Bxe8 Qxe8 29. Qc2 1-0

[Event "WJun"]
[Site "Nakhchivan AZE"]
[Date "2003.06.22"]
[Round "1"]
[White "Kozak,L"]
[Black "Kanep,M"]
[Result "1-0"]
[WhiteElo "2178"]
[BlackElo "2446"]
[EventDate "2003.06.22"]

1. d4 Nf6 2. Nf3 c5 3. d5 b5 4. c4 bxc4 5. Nc3 d6 6. e4 Nbd7 7. Bxc4 g6 8.
O-O Bg7 9. h3 O-O 10. Re1 Rb8 11. Qc2 Nb6 12. Bf1 e6 13. dxe6 fxe6 14. Bg5
h6 15. Be3 e5 16. Rad1 Nh5 17. Qd2 d5 18. Nxd5 Nxd5 19. Qxd5+ Qxd5 20. exd5
Rxb2 21. Bxc5 Re8 22. d6 Bd7 23. Bc4+ Kf8 24. Bxa7 Nf4 25. Rb1 Rc2 26. Bb3
Rc3 27. Re3 e4 28. Nd2 Ra8 29. Bb6 Bc6 30. Rbe1 Nd3 31. Rf1 Ra6 32. Bc7 Nc5
33. Nb1 Rxe3 34. fxe3+ Ke8 35. Bf7+ Kd7 36. Bxg6 Rxa2 37. Rf7+ Ke6 38. Rxg7
Ra1 39. Re7+ Kf6 40. Be8 Rxb1+ 41. Kh2 Bxe8 42. Rxe8 Rd1 43. Bd8+ Kg6 44.
Bb6 Nb3 45. Re6+ Kg7 46. Kg3 Rd2 47. Kf4 h5 48. Kxe4 Kf7 49. Rh6 1-0

[Event "WJun"]
[Site "Nakhchivan AZE"]
[Date "2003.06.22"]
[Round "1"]
[White "Bachin,V"]
[Black "Baladjaev,G"]
[Result "1/2-1/2"]
[WhiteElo "2443"]
[BlackElo "2177"]
[EventDate "2003.06.22"]

1. e4 c5 2. Nc3 Nc6 3. g3 g6 4. Bg2 Bg7 5. d3 e6 6. Be3 Nd4 7. Qd2 d6 8.
Nd1 b6 9. c3 Nc6 10. Ne2 Bb7 11. f4 Nge7 12. O-O O-O 13. d4 cxd4 14. cxd4
d5 15. e5 Nf5 16. g4 Nxe3 17. Qxe3 f5 18. gxf5 gxf5 19. Ndc3 a6 20. Kh1 Rc8
21. Rf3 Na5 22. b3 b5 23. Rh3 Rf7 24. Ng3 Bc6 25. Nh5 Kh8 26. Rg1 Rcc7 27.
Nd1 Be8 28. Bf3 Rfd7 29. Ng3 Nc6 30. Bh5 Bxh5 31. Nxh5 Qf8 32. Nc3 Nb4 33.
Rhg3 Rf7 34. Qd2 Nc6 35. Ne2 Qb4 36. Qe3 Qf8 37. R1g2 Nb4 38. Ng1 Qc8 39.
h3 a5 40. Qe2 Qb7 41. Nf6 Rc8 42. Nf3 Rc2 43. Qf1 Rxg2 44. Qxg2 Qc8 45. Nh5
Bh6 46. a3 Nc2 47. Ng5 Re7 48. Qd2 b4 49. a4 Rc7 50. Qf2 Na1 51. Rg1 Bxg5
52. fxg5 Rc1 53. g6 hxg6 54. Nf4 Rxg1+ 55. Qxg1 Nxb3 56. Qxg6 Qc1+ 57. Kg2
Qd2+ 58. Kg3 Qe3+ 59. Kg2 Qe4+ 60. Kg3 Qe1+ 1/2-1/2

[Event "WJun"]
[Site "Nakhchivan AZE"]
[Date "2003.06.22"]
[Round "1"]
[White "Jatautis,D"]
[Black "Schneider,Dm"]
[Result "1/2-1/2"]
[WhiteElo "2149"]
[BlackElo "2424"]
[EventDate "2003.06.22"]

1. e4 e6 2. d3 d5 3. Nd2 Nf6 4. Ngf3 Nc6 5. g3 Bc5 6. Bg2 dxe4 7. dxe4 e5
8. O-O O-O 9. c3 a5 10. Qc2 Qe7 11. Nc4 h6 12. a4 b6 13. Ne3 Bxe3 14. Bxe3
Ba6 15. Rfe1 Ng4 16. Nd2 Nxe3 17. Rxe3 Rfd8 18. Bf1 Bxf1 19. Nxf1 Qc5 20.
Re2 Rd6 21. Rd1 Rad8 22. Rxd6 1/2-1/2

[Event "WJun"]
[Site "Nakhchivan AZE"]
[Date "2003.06.22"]
[Round "1"]
[White "Mahesh Chandran,P"]
[Black "Masse,H"]
[Result "1-0"]
[WhiteElo "2419"]
[BlackElo "2120"]
[EventDate "2003.06.22"]

1. e4 e5 2. Nf3 Nc6 3. Bb5 a6 4. Ba4 Nf6 5. O-O Nxe4 6. d4 b5 7. Bb3 d5 8.
dxe5 Be6 9. c3 Bc5 10. Bc2 O-O 11. Qe2 Bf5 12. Be3 Bxe3 13. Qxe3 Qe7 14.
Nd4 Nxd4 15. cxd4 c5 16. f3 cxd4 17. Qxd4 Ng3 18. hxg3 Bxc2 19. Nc3 Qg5 20.
Rac1 Bg6 21. f4 Qxg3 22. f5 Bh5 23. Nxd5 Be2 24. Rf2 Bc4 25. Nb6 Rad8 26.
Nd7 Rfe8 27. b3 Bd3 28. Rd1 1-0

[Event "WJun"]
[Site "Nakhchivan AZE"]
[Date "2003.06.22"]
[Round "1"]
[White "Agayev,N"]
[Black "Sadykov,R"]
[Result "0-1"]
[WhiteElo "2116"]
[BlackElo "2416"]
[EventDate "2003.06.22"]

1. e4 c5 2. Nc3 d6 3. g3 Nc6 4. Bg2 g6 5. d3 Bg7 6. Be3 e6 7. Qd2 Qa5 8.
Nge2 Nd4 9. O-O Ne7 10. Rfe1 Bd7 11. Rab1 Nec6 12. a3 Nxe2+ 13. Nxe2 Qxd2
14. Bxd2 b5 15. Bc3 Bxc3 16. bxc3 a6 17. d4 Rc8 18. Red1 Ke7 19. dxc5 dxc5
20. c4 b4 21. axb4 cxb4 22. c3 a5 23. cxb4 Nxb4 24. Ra1 Rc5 25. Nd4 a4 26.
Bf1 Ra5 27. Nb3 Raa8 28. Nc5 Bc6 29. Ra3 Rhb8 30. Bg2 e5 31. Rd2 Na6 32.
Nd3 Rb1+ 33. Bf1 f6 34. f3 Rd8 35. Kf2 Nc5 36. Be2 Nb3 37. Rc2 Nd4 38. Rb2
Rxb2 39. Nxb2 Rb8 40. Nd3 Rb1 41. Ra2 Kd6 42. c5+ Ke6 43. Nb2 Nxe2 44. Kxe2
Rh1 45. h4 Rh2+ 46. Ke3 a3 47. Rxa3 Rxb2 48. Ra6 Kd7 49. Ra7+ Rb7 50. Ra2
Rb3+ 51. Kf2 f5 52. Ra7+ Bb7 53. f4 exf4 0-1

[Event "WJun"]
[Site "Nakhchivan AZE"]
[Date "2003.06.22"]
[Round "1"]
[White "Werle,J"]
[Black "Osttveit,M"]
[Result "1-0"]
[WhiteElo "2404"]
[BlackElo "2084"]
[EventDate "2003.06.22"]

1. e4 c5 2. Nf3 e6 3. d4 cxd4 4. Nxd4 a6 5. Nc3 Qc7 6. Bd3 Nf6 7. O-O Nc6
8. Nxc6 dxc6 9. f4 e5 10. f5 h5 11. a4 a5 12. Qf3 Bc5+ 13. Kh1 Qb6 14. Nd1
Ng4 15. Bd2 Bd7 16. b3 O-O-O 17. Nb2 Bb4 18. Nc4 Qc7 19. Bxb4 axb4 20. a5
Kb8 21. Qg3 g6 22. h3 gxf5 23. exf5 f6 24. hxg4 Rdg8 25. Ne3 e4 26. Qxc7+
Kxc7 27. Bc4 hxg4+ 28. Kg1 Rg5 29. Kf2 Bxf5 30. Kg3 1-0

[Event "WJun"]
[Site "Nakhchivan AZE"]
[Date "2003.06.22"]
[Round "1"]
[White "Yilmaz,M"]
[Black "Jirka,J"]
[Result "0-1"]
[WhiteElo "1941"]
[BlackElo "2394"]
[EventDate "2003.06.22"]

1. e4 e5 2. Nf3 Nc6 3. Bb5 Nd4 4. Nxd4 exd4 5. O-O Bc5 6. d3 c6 7. Bc4 d5
8. Bb3 Ne7 9. exd5 cxd5 10. Re1 O-O 11. Bg5 Be6 12. a3 Qd7 13. Qf3 Rae8 14.
Nd2 f6 15. Bf4 g5 16. Bxg5 fxg5 17. Qh5 g4 18. Qg5+ Kf7 19. Qh6 Bf5 20. Ne4
Bxe4 21. Rxe4 Kg8 22. Re5 Rf5 23. Re4 Ng6 24. Qd2 Kg7 25. Rxg4 Rfe5 26. h3
Re2 27. Qg5 R8e5 28. Qh4 Re1+ 29. Rxe1 Rxe1+ 30. Kh2 Bd6+ 31. f4 Bxf4+ 32.
g3 Re2+ 33. Kh1 Be5 34. Qh5 Re1+ 35. Kg2 Qf7 36. Rxg6+ hxg6 37. Qf3 Rg1+
0-1

[Event "WJun"]
[Site "Nakhchivan AZE"]
[Date "2003.06.23"]
[Round "2"]
[White "Mahesh Chandran,P"]
[Black "Mamedyarov,S"]
[Result "1-0"]
[WhiteElo "2419"]
[BlackElo "2607"]
[EventDate "2003.06.22"]

1. e4 c5 2. Nf3 Nc6 3. d4 cxd4 4. Nxd4 Nf6 5. Nc3 e5 6. Ndb5 d6 7. Bg5 a6
8. Na3 b5 9. Nd5 Be7 10. Bxf6 Bxf6 11. c3 Ne7 12. Nxf6+ gxf6 13. g3 Bb7 14.
Bg2 f5 15. Qe2 fxe4 16. Bxe4 d5 17. Bg2 Qd6 18. Nc2 O-O 19. O-O f6 20. f4
Ng6 21. Qf2 Qc7 22. Rad1 Kh8 23. Nb4 d4 24. cxd4 exf4 25. d5 fxg3 26. hxg3
Qd6 27. Nd3 Bxd5 28. Nc5 Ne7 29. Rfe1 Rg8 30. Rxe7 Qxe7 31. Bxd5 Rad8 32.
Re1 Rxg3+ 33. Kh2 Qd6 34. Qxg3 Qxd5 35. Ne4 Re8 36. Qh4 Qe5+ 37. Kh3 Qe6+
38. Kg2 Rg8+ 39. Kf3 Rg6 40. Re2 Qc6 41. Qf4 Qe6 42. Ng3 Qc6+ 43. Qe4 Qd6
44. Nf5 Qd1 45. Ng3 Qd6 46. Qf4 Qd5+ 47. Kf2 Qc5+ 48. Qe3 Qd5 49. Rd2 Qxa2
50. Qe7 Qg8 51. Rd8 Rxg3 52. Qxf6+ Rg7 53. b4 1-0

[Event "WJun"]
[Site "Nakhchivan AZE"]
[Date "2003.06.23"]
[Round "2"]
[White "Jirka,J"]
[Black "Ganguly,S"]
[Result "0-1"]
[WhiteElo "2394"]
[BlackElo "2542"]
[EventDate "2003.06.22"]

1. d4 d5 2. Nf3 Nf6 3. g3 g6 4. Bg2 Bg7 5. c4 dxc4 6. Qa4+ Nfd7 7. Qxc4 Nb6
8. Qc2 Nc6 9. O-O Bg4 10. e3 O-O 11. h3 Be6 12. Rd1 Nb4 13. Qc5 a5 14. b3
c6 15. Ba3 N6d5 16. e4 Na6 17. Qc1 Ndb4 18. Nc3 Qc8 19. Kh2 Rd8 20. Bb2 Nc7
21. Na4 Qb8 22. Nc5 Nba6 23. Nd3 Nb5 24. Qe3 Nb4 25. Nxb4 axb4 26. Qd2 c5
27. d5 Nc3 28. Re1 Bd7 29. a3 e6 30. Ng5 h6 31. Nf3 exd5 32. exd5 Bc6 33.
axb4 Rxa1 34. Bxa1 cxb4 35. Qc1 Bxd5 36. Nd2 Bxg2 37. Kxg2 Qd6 38. Nc4 Qd5+
39. Kh2 b5 40. Ne3 Qxb3 41. Ng4 h5 42. Qg5 Rd6 43. Re8+ Kh7 44. Ne3 Qa2 45.
Bxc3 Qxf2+ 46. Ng2 bxc3 0-1

[Event "WJun"]
[Site "Nakhchivan AZE"]
[Date "2003.06.23"]
[Round "2"]
[White "Hanley,C"]
[Black "Guseinov,K"]
[Result "1/2-1/2"]
[WhiteElo "2375"]
[BlackElo "2505"]
[EventDate "2003.06.22"]

1. e4 c5 2. c3 d5 3. exd5 Qxd5 4. d4 Nf6 5. Nf3 Bg4 6. dxc5 Qxc5 7. Na3 a6
8. Be3 Qc7 9. Qa4+ Bd7 10. Nb5 Qc8 11. Qa5 Bxb5 12. Bxb5+ Nc6 13. Bxc6+
Qxc6 14. O-O-O b5 15. a4 Qb7 16. Nd4 e5 17. Rhe1 exd4 18. Bxd4+ Be7 19. Bc5
Ne4 20. Bxe7 Qxe7 21. Qb4 Qxb4 22. cxb4 Rc8+ 23. Kb1 Rc4 24. f3 f5 25. fxe4
fxe4 26. Rc1 Rxc1+ 27. Kxc1 bxa4 1/2-1/2

[Event "WJun"]
[Site "Nakhchivan AZE"]
[Date "2003.06.23"]
[Round "2"]
[White "Rohit,G"]
[Black "Zubov,A UKR"]
[Result "0-1"]
[WhiteElo "2357"]
[BlackElo "2494"]
[EventDate "2003.06.22"]

1. e4 d6 2. d4 Nf6 3. Nc3 g6 4. Be3 c6 5. Qd2 b5 6. f3 h5 7. Bd3 Bg7 8.
Nge2 Nbd7 9. O-O Qc7 10. Rad1 a6 11. b4 O-O 12. a4 e5 13. Ra1 Bb7 14. dxe5
dxe5 15. Nc1 Rfd8 16. Nb3 Bf8 17. Nd1 c5 18. bxc5 bxa4 19. Rxa4 Nxc5 20.
Nxc5 Bxc5 21. Bxc5 Qxc5+ 22. Qe3 Nd7 23. Rc4 Qd6 24. Rc3 Rdc8 25. Rb3 Nc5
26. Ra3 Ne6 27. Rb3 Bc6 28. Nb2 Nd4 29. Rb6 Rcb8 30. Nc4 Qc7 31. Rxb8+ Rxb8
32. Qg5 Re8 33. Ne3 Ne6 34. Qh6 Qb6 35. Kh1 Nf4 36. Nc4 Qd4 37. h3 Bb5 38.
g3 Nxd3 39. cxd3 Qxd3 40. Ne3 Qd2 41. Rd1 Qf2 42. Rd6 Qxf3+ 43. Kh2 Qf2+
44. Ng2 Bc4 45. Qe3 Qxe3 46. Nxe3 Rc8 47. g4 h4 48. Ng2 a5 49. Rd7 Ra8 50.
Ne3 Be6 51. Rd3 a4 52. Ra3 Bb3 53. Nd5 Bc2 54. g5 Kg7 55. Nc3 Rd8 56. Ra2
Bb3 57. Ra3 Rd4 58. Kg2 Rc4 59. Ne2 Rc2 60. Kf3 Ra2 0-1

[Event "WJun"]
[Site "Nakhchivan AZE"]
[Date "2003.06.23"]
[Round "2"]
[White "Kritz,L"]
[Black "Werle,J"]
[Result "1-0"]
[WhiteElo "2468"]
[BlackElo "2404"]
[EventDate "2003.06.22"]

1. d4 e6 2. c4 Nf6 3. Nc3 Bb4 4. Nf3 c5 5. e3 O-O 6. a3 Bxc3+ 7. bxc3 Qa5
8. Qc2 cxd4 9. exd4 d5 10. Be2 dxc4 11. O-O Nbd7 12. Bxc4 b6 13. Re1 Ba6
14. Ba2 Rac8 15. Bd2 Bc4 16. Bb1 Qh5 17. Ne5 Nxe5 18. Rxe5 Qg6 19. Qd1 Bd3
20. Rg5 Bxb1 21. Rxg6 Bxg6 22. Qa4 Ne4 23. Be1 Nxc3 24. Bxc3 Rxc3 25. Qxa7
b5 26. h3 Be4 27. Qa5 Rb3 28. Rc1 h6 29. Rc3 Rb1+ 30. Kh2 Rb2 31. Kg3 f5
32. f3 f4+ 33. Kh2 Bd5 34. Qc7 Ra2 35. Rc2 Rxc2 36. Qxc2 Ra8 37. Qc5 Kh7
38. Qd6 Ra4 39. Qc5 Rc4 40. Qxb5 Rxd4 41. a4 Rd1 42. Qb2 Re1 43. a5 Re3 44.
Qb4 g5 45. a6 h5 46. a7 h4 47. Qd6 Kg6 48. Qxd5 exd5 49. a8=Q Re5 50. Qc6+
Kf7 51. Qd6 Re3 52. Qxd5+ Kf6 53. Kg1 Re1+ 54. Kf2 Re3 55. Qg8 Re5 56. Qh7
Ke6 57. Qg6+ Kd5 58. Qf6 Kd4 59. Qd6+ Rd5 60. Qb4+ Ke5 1-0

[Event "WJun"]
[Site "Nakhchivan AZE"]
[Date "2003.06.23"]
[Round "2"]
[White "Mastrovasilis,D"]
[Black "Deepan,C"]
[Result "1-0"]
[WhiteElo "2456"]
[BlackElo "2379"]
[EventDate "2003.06.22"]

1. e4 c5 2. Nf3 d6 3. d4 cxd4 4. Nxd4 Nf6 5. Nc3 a6 6. Be3 e5 7. Nb3 Be6 8.
f3 Nbd7 9. g4 h6 10. Qd2 Be7 11. O-O-O b5 12. Qf2 Rc8 13. Nd5 Bxd5 14. exd5
Qc7 15. Kb1 Rb8 16. Qg2 a5 17. f4 a4 18. Nd2 Qb7 19. c4 exf4 20. Bxf4 Nc5
21. cxb5 O-O 22. Bc4 a3 23. b3 Rfe8 24. g5 hxg5 25. Rdg1 Bf8 26. Bxg5 Nfe4
27. h4 Qd7 28. Qh3 Qxh3 29. Rxh3 g6 30. Nxe4 Nxe4 31. Bc1 Ra8 32. h5 Bg7
33. Kc2 Bd4 34. Rg2 g5 35. Bxg5 Nxg5 36. Rxg5+ Kh8 37. h6 Rg8 38. Rxg8+
Rxg8 39. b4 Bb2 40. h7 Rc8 41. Kb3 f6 42. Bd3 Rb8 43. Rg3 Be5 44. Rg2 Bb2
45. b6 1-0

[Event "WJun"]
[Site "Nakhchivan AZE"]
[Date "2003.06.23"]
[Round "2"]
[White "Sadykov,R"]
[Black "Esplana,C"]
[Result "1-0"]
[WhiteElo "2416"]
[BlackElo "2367"]
[EventDate "2003.06.22"]

1. e4 c5 2. Nf3 e6 3. c4 Nc6 4. Nc3 Nf6 5. Be2 Be7 6. O-O O-O 7. d4 cxd4 8.
Nxd4 d6 9. Be3 Bd7 10. Rc1 a6 11. a4 Rc8 12. f3 Na5 13. b3 e5 14. Nf5 Bxf5
15. exf5 d5 16. Nxd5 Nxd5 17. Qxd5 Qxd5 18. cxd5 Nxb3 19. Rxc8 Rxc8 20. Rb1
Rc3 21. Kf2 Bc5 22. Bxc5 Nxc5 23. f4 e4 24. Rb6 Kf8 25. f6 g6 26. h4 Ke8
27. h5 Kd7 28. a5 Ra3 29. Bg4+ Kd8 30. hxg6 hxg6 31. f5 gxf5 32. Bxf5 Rxa5
33. Rb1 Kc7 34. g4 Kd6 35. g5 Ra2+ 36. Kg3 e3 37. g6 fxg6 38. Rb6+ Kc7 39.
f7 Nd7 40. Bxd7 Rf2 41. Bg4 Rxf7 42. Rxg6 a5 43. d6+ Kc6 44. d7+ Kc7 45.
Rg8 Rxd7 46. Bxd7 Kxd7 47. Kf3 Kc6 48. Kxe3 Kc5 49. Kd3 Kb4 50. Kc2 Ka3 51.
Rb8 1-0

[Event "WJun"]
[Site "Nakhchivan AZE"]
[Date "2003.06.23"]
[Round "2"]
[White "Kuparadze,G"]
[Black "Izoria,Z"]
[Result "0-1"]
[WhiteElo "2227"]
[BlackElo "2569"]
[EventDate "2003.06.22"]

1. e4 c5 2. Nf3 d6 3. Bb5+ Nd7 4. O-O Ngf6 5. Re1 a6 6. Bxd7+ Nxd7 7. b3 e5
8. Nc3 Nf6 9. d3 Be7 10. Bg5 Be6 11. Bxf6 Bxf6 12. Nd2 O-O 13. Nc4 g6 14.
a4 b6 15. a5 b5 16. Nb6 Ra7 17. Ncd5 Bg7 18. c4 b4 19. Ra2 f5 20. exf5 Bxf5
21. f3 h5 22. Rf2 Raf7 23. Ne3 Be6 24. Nc2 Bf5 25. Ne3 Be6 26. Nc2 Bh6 27.
d4 cxd4 28. Nxd4 exd4 29. Rxe6 Be3 30. Nd5 Bxf2+ 31. Kxf2 Qh4+ 32. Kg1 Qg5
33. Kf2 h4 34. Qd3 Kh7 35. Re4 h3 36. Rg4 Qxg4 0-1

[Event "WJun"]
[Site "Nakhchivan AZE"]
[Date "2003.06.23"]
[Round "2"]
[White "Harikrishna,P"]
[Black "Gupta,A"]
[Result "0-1"]
[WhiteElo "2563"]
[BlackElo "2335"]
[EventDate "2003.06.22"]

1. d4 Nf6 2. c4 Nc6 3. Nf3 e6 4. g3 Bb4+ 5. Bd2 Qe7 6. Bg2 Bxd2+ 7. Nbxd2
d6 8. O-O a5 9. e4 e5 10. d5 Nb8 11. Ne1 O-O 12. b3 Na6 13. a3 Bd7 14. Nd3
c6 15. dxc6 Bxc6 16. b4 axb4 17. axb4 b5 18. Qc2 bxc4 19. Qxc4 Qb7 20. Ra5
Rfb8 21. Rb1 Bb5 22. Qb3 Nc7 23. Nb2 Ne6 24. Nbc4 Nd4 25. Qb2 Qc7 26. Rxa8
Rxa8 27. Ne3 Bd3 28. Ra1 Rxa1+ 29. Qxa1 Qb7 30. h3 h5 31. Qa3 Qb5 32. Kh2
g6 33. g4 hxg4 34. hxg4 Kg7 35. Qc3 Ne6 36. f3 Nf4 37. Ndc4 Qb8 38. Bf1
Bxf1 39. Nxf1 0-1

[Event "WJun"]
[Site "Nakhchivan AZE"]
[Date "2003.06.23"]
[Round "2"]
[White "Azarov,S"]
[Black "Gashimov,S"]
[Result "1/2-1/2"]
[WhiteElo "2530"]
[BlackElo "2317"]
[EventDate "2003.06.22"]

1. e4 d5 2. exd5 Qxd5 3. Nc3 Qa5 4. d4 Nf6 5. Nf3 c6 6. h3 Bf5 7. Be2 e6 8.
O-O Bd6 9. Nd2 Qc7 10. Nc4 Bh2+ 11. Kh1 Bf4 12. Bf3 O-O 13. Qe2 Nbd7 14.
Bxf4 Qxf4 15. Rad1 Rfd8 16. a4 Nb6 17. Ne5 Nbd5 18. Nxd5 cxd5 19. g3 Qh6
20. h4 Be4 21. Kg1 Rac8 22. c4 b6 23. Rc1 Bxf3 24. Qxf3 Qd2 25. Rfd1 Qxb2
26. a5 dxc4 27. Qb7 Rf8 28. Nxc4 Qb4 29. Ne5 Rxc1 30. Rxc1 bxa5 31. Qxa7
Ne4 32. Nd7 Qd2 33. Rf1 Re8 34. Ne5 Rf8 35. Nd7 Rd8 36. Ne5 Rf8 37. Nd7
1/2-1/2